[Event "Muensterland Verbandsliga 2122"]
[Site "Germany"]
[Date "2021.11.13"]
[Round "2.4"]
[White "Iking, Bernhard"]
[Black "Diepenbrock, Till"]
[Result "1-0"]
[WhiteElo "1762"]
[BlackElo "1825"]
[PlyCount "71"]
[EventDate "2021.10.02"]
[EventType "team-tourn"]
[EventRounds "2"]
[EventCountry "GER"]
[SourceTitle "EXT 2023"]
[Source "ChessBase"]
[SourceDate "2022.10.05"]
[SourceVersion "1"]
[SourceVersionDate "2022.10.05"]
[SourceQuality "1"]
[WhiteTeam "Gescher"]
[BlackTeam "Nordwalde"]
[WhiteTeamCountry "GER"]
[BlackTeamCountry "GER"]

1. d4 Nf6 2. c4 e6 3. Nf3 b6 4. Nc3 Bb4 5. Bg5 Bb7 6. e3 h6 7. Bxf6 Qxf6 8. Be2 g5 9. 0-0 Bxc3 10. bxc3 h5 11. c5 bxc5 12. Qb3 Be4 13. Nd2 Bc6 14. Bf3 0-0 15. Bxc6 Nxc6 16. Ne4 Qe7 17. Nxc5 Rab8 18. Qd1 g4 19. f3 d6 20. Nd3 Qg5 21. Qe2 Ne7 22. e4 Ng6 23. f4 Qa5 24. f5 exf5 25. exf5 Qxc3 26. fxg6 Qxd4+ 27. Kh1 fxg6 28. Rad1 Qg7 29. Qe6+ Kh7 30. Qc4 a5 31. a3 Qe7 32. Nf4 Rb2 33. Nd5 Qd8 34. Rxf8 Qxf8 35. Qxc7+ Kh6 36. Qc1+ 1-0

[Event "Muensterland Verbandsklasse 1415"]
[Site "Germany"]
[Date "2015.04.25"]
[Round "9.4"]
[White "Werremeyer, Achim"]
[Black "Iking, Bernhard"]
[Result "0-1"]
[WhiteElo "1752"]
[BlackElo "1728"]
[PlyCount "88"]
[EventDate "2014.09.13"]
[EventType "team-tourn"]
[EventRounds "9"]
[EventCountry "GER"]
[SourceTitle "EXT 2016"]
[Source "ChessBase"]
[SourceDate "2015.10.08"]
[SourceVersion "1"]
[SourceVersionDate "2015.10.08"]
[SourceQuality "1"]
[WhiteTeam "Ibbenbueren"]
[BlackTeam "Gescher"]
[WhiteTeamCountry "GER"]
[BlackTeamCountry "GER"]

1. Nf3 Nf6 2. d4 e6 3. c4 c5 4. Nc3 cxd4 5. Nxd4 Be7 6. e4 d6 7. Be2 0-0 8. Be3 b6 9. f4 Bb7 10. Bf3 e5 11. Nf5 g6 12. Nxe7+ Qxe7 13. 0-0 Nc6 14. f5 Nd4 15. fxg6 fxg6 16. Bxd4 exd4 17. Qxd4 Qe5 18. Rad1 Rac8 19. b3 Rce8 20. Rfe1 g5 21. Nd5 Bxd5 22. Qxe5 Rxe5 23. exd5 Rfe8 24. Rxe5 Rxe5 25. h3 h5 26. g4 h4 27. Rf1 Kg7 28. Kg2 Nd7 29. Bd1 Re3 30. Rf2 Ne5 31. Bf3 Nd3 32. Rf1 Nf4+ 33. Kh2 Kf6 34. Rf2 Ke5 35. Bg2 a5 36. Rc2 Kd4 37. Bf1 Re1 38. Bg2 Kd3 39. Rb2 Kc3 40. Rf2 Re3 41. Bf1 Kb4 42. Rb2 Ka3 43. Rd2 Re1 44. Kg1 Nxh3+ 0-1

[Event "Muensterland Verbandsklasse 1415"]
[Site "Germany"]
[Date "2015.02.28"]
[Round "7.5"]
[White "Theissen, Frank"]
[Black "Iking, Bernhard"]
[Result "0-1"]
[WhiteElo "1773"]
[BlackElo "1728"]
[PlyCount "55"]
[EventDate "2014.09.13"]
[EventType "team-tourn"]
[EventRounds "9"]
[EventCountry "GER"]
[SourceTitle "EXT 2016"]
[Source "ChessBase"]
[SourceDate "2015.10.08"]
[SourceVersion "1"]
[SourceVersionDate "2015.10.08"]
[SourceQuality "1"]
[WhiteTeam "Borken"]
[BlackTeam "Gescher"]
[WhiteTeamCountry "GER"]
[BlackTeamCountry "GER"]

1. e4 c6 2. d4 d5 3. Nc3 dxe4 4. Nxe4 Bf5 5. Ng3 Bg6 6. h4 h6 7. Nf3 Nd7 8. h5 Bh7 9. Bd3 Bxd3 10. Qxd3 Ngf6 11. Bd2 e6 12. 0-0-0 Be7 13. c4 a5 14. Ne4 Nxe4 15. Qxe4 Nf6 16. Qe2 a4 17. g4 b5 18. Ne5 a3 19. b3 Qxd4 20. Nd3 Qa1+ 21. Kc2 Qxa2+ 22. Kc3 b4+ 23. Kd4 Qxb3 24. Bc1 Rd8+ 25. Ke3 Qxc4 26. f3 Qd4+ 27. Kd2 Qc3+ 28. Ke3 0-1

[Event "Muensterland Verbandsklasse 1314"]
[Site "Germany"]
[Date "2014.03.08"]
[Round "7.5"]
[White "Iking, Bernhard"]
[Black "Altgelt, Max"]
[Result "0-1"]
[WhiteElo "1792"]
[BlackElo "1592"]
[PlyCount "96"]
[EventDate "2013.09.21"]
[EventType "team-tourn"]
[EventRounds "9"]
[EventCountry "GER"]
[SourceTitle "EXT 2015"]
[Source "ChessBase"]
[SourceDate "2014.11.20"]
[SourceVersion "1"]
[SourceVersionDate "2014.11.20"]
[SourceQuality "1"]
[WhiteTeam "Gescher"]
[BlackTeam "Muenster SK V"]
[WhiteTeamCountry "GER"]
[BlackTeamCountry "GER"]

1. d4 Nf6 2. c4 d6 3. Nc3 g6 4. e4 Bg7 5. Be2 0-0 6. f4 Nbd7 7. e5 dxe5 8. fxe5 Ne8 9. Nf3 c5 10. 0-0 Nc7 11. Be3 cxd4 12. Qxd4 Ne6 13. Qd5 Qc7 14. Nb5 Qc6 15. Nxa7 Qxd5 16. cxd5 Nc7 17. Nxc8 Rfxc8 18. d6 exd6 19. exd6 Nd5 20. Bd4 Rc6 21. Bxg7 Kxg7 22. Bb5 Rxd6 23. Ng5 Ne5 24. Rfe1 f6 25. Red1 fxg5 26. a4 Rad8 27. Rac1 Nc6 28. Re1 Ndb4 29. Bc4 Nd3 30. Bxd3 Rxd3 31. Rc5 Rd1 32. Rxd1 Rxd1+ 33. Kf2 Rd2+ 34. Kf3 Kf6 35. a5 Rxb2 36. a6 Ne5+ 37. Ke4 Rb4+ 38. Kd5 bxa6 39. Kd6 Rb6+ 40. Kc7 Rc6+ 41. Rxc6+ Nxc6 42. Kxc6 Ke5 43. Kb6 Ke4 44. Kxa6 Ke3 45. Kb5 Kf2 46. g4 h5 47. h3 Kg3 48. Kc5 Kxh3 0-1

[Event "Muensterland Verbandsklasse-B 1213"]
[Site "Germany"]
[Date "2012.09.15"]
[Round "1.6"]
[White "Iking, Bernhard"]
[Black "Spoeler, Gerd"]
[Result "1/2-1/2"]
[WhiteElo "1762"]
[BlackElo "1675"]
[PlyCount "60"]
[EventDate "2012.09.15"]
[EventType "team-tourn"]
[EventRounds "9"]
[EventCountry "GER"]
[SourceTitle "EXT 2015"]
[Source "ChessBase"]
[SourceDate "2014.11.20"]
[SourceVersion "1"]
[SourceVersionDate "2014.11.20"]
[SourceQuality "1"]
[WhiteTeam "Gescher"]
[BlackTeam "Heiden II"]
[WhiteTeamCountry "GER"]
[BlackTeamCountry "GER"]

1. d4 d5 2. Nf3 Nf6 3. c4 c6 4. Nc3 e6 5. e3 Nbd7 6. Bd3 Nb6 7. Ne5 dxc4 8. Nxc4 Nxc4 9. Bxc4 Nd5 10. e4 Nxc3 11. bxc3 e5 12. Qh5 Qe7 13. Bg5 g6 14. Bxe7 gxh5 15. Bxf8 Rxf8 16. dxe5 Rg8 17. g3 Bg4 18. Be2 0-0-0 19. f3 Bh3 20. Rd1 Rde8 21. f4 Bg4 22. Kf2 Bxe2 23. Kxe2 f6 24. Rd2 fxe5 25. f5 Rg7 26. Rhd1 h4 27. Kf3 hxg3 28. hxg3 Reg8 29. Rg2 Kc7 30. Rdd2 b5 1/2-1/2